000 00780nam a22002417a 4500
003 0
005 20180702104716.0
008 0
010 _aB-031329
020 _c00.00
_a8176251119
035 _aB-031329, B-31330
037 _bCen Lib/Ret
040 _aDPL
_bEN
_c0
082 _a881.08
_bIND
245 _aIndian English poetry :
_cedited by Jaydipsinh Dodiya
_bcritical perspectives /
260 _aNew Delhi
_bSarup and Sons
_c2000
270 _a4740/23, Ansari Road Darya Ganj
_bNew Delhi
_e110002
300 _a302p.
_c22cm(Hb)
650 _aIndic poetry (English) -- 20th century -- History and criticism -- Congresses
_925669
650 _aIndic poetry (English)
_9101869
700 _aDodiya, Jaydipsinh
_922662
942 _2ddc
_cEN
_h881.08
_mIND
999 _c129186
_d129186